Japan und Europa Getrennte Welten?
Salvato in:
| Altri autori: | |
|---|---|
| Natura: | Libro |
| Lingua: | tedesco |
| Pubblicazione: |
Frankfurt am Main
Campus
1993
|
| Edizione: | 1. Aufl. |
| Soggetti: | |
| Tags: |
Nessun Tag, puoi essere il primo ad aggiungerne!!
|
MARC
| LEADER | 00000nam a2200000 4500 | ||
|---|---|---|---|
| 001 | c003604 | ||
| 005 | 20221214084017.5 | ||
| 020 | |a 3-593-34811-X | ||
| 041 | 0 | |a ger | |
| 044 | |a DE | ||
| 245 | 1 | 0 | |a Japan und Europa |b Getrennte Welten? |c Edit. Hanns W. Maull |
| 250 | |a 1. Aufl. | ||
| 264 | 1 | |a Frankfurt am Main |b Campus |c 1993 | |
| 300 | |a 603 s. | ||
| 610 | 2 | 0 | |a Japonsko |
| 610 | 2 | 0 | |a Európa |
| 610 | 2 | 0 | |a zmeny štruktúrne |
| 610 | 2 | 0 | |a rozvoj hospodársky |
| 610 | 2 | 0 | |a vzťahy hospodárske medzinárodné |
| 610 | 2 | 0 | |a konkurencieschopnosť |
| 610 | 2 | 0 | |a politika |
| 610 | 2 | 0 | |a svet |
| 610 | 2 | 0 | |a politika zahraničná |
| 610 | 2 | 0 | |a hospodárstvo svetové |
| 610 | 2 | 0 | |a manažment |
| 610 | 2 | 0 | |a stratégia hospodárska |
| 610 | 2 | 0 | |a koordinácia |
| 610 | 2 | 0 | |a ochrana prostredia životného |
| 610 | 2 | 0 | |a politika hospodárska |
| 610 | 2 | 0 | |a prognózy |
| 610 | 2 | 0 | |a problémy globálne |
| 610 | 2 | 0 | |a kooperácia hospodárska medzinárodná |
| 700 | 1 | |a Maull, Hanns W. | |